Map showing post-Wisconsin sedimentation patterns and faulting in the Beeville 1⁰ x 2⁰ quadrangle, Texas /

Bibliographic Details
Main Author: Berryhill, Henry L., Jr. (Henry Lee), 1921-2013
Corporate Authors: Geological Survey (U.S.), United States. Bureau of Land Management, University of Texas at Austin. Bureau of Economic Geology
Other Authors: Trippet, Anita R.
Format: Government Document Map
Language:English
Published: Reston, Va. : U.S. Geological Survey, 1981.
Series:Miscellaneous investigations series (Geological Survey (U.S.)) ; map I-1288-D.
Subjects:

MARC

Tag First Indicator Second Indicator Subfields
LEADER 00000cem a2200000Ia 4500
001 in00002451521
005 20151111042234.0
007 aj canzn
008 820127s1981 vau a f 0 eng d
034 1 |a a  |b 250000  |d W0980000  |e W0960000  |f N0290000  |g N0280000 
035 |a (OCoLC)ocm08097124 
035 |a (OCoLC)8097124 
040 |a GIS  |c GIS  |d NMT  |d OCL  |d OCLCG  |d STF  |d TXA  |d UtOrBLW 
043 |a n-us-tx 
049 |a TXAM 
050 1 4 |a G3701.C5 svar  |b .U52 I-1288-D 
052 |a 4032  |b G8 
074 |a 0619-G-08 
086 0 |a I 19.91:I-1288-D 
100 1 |a Berryhill, Henry L.,  |c Jr.  |q (Henry Lee),  |d 1921-2013. 
245 1 0 |a Map showing post-Wisconsin sedimentation patterns and faulting in the Beeville 1⁰ x 2⁰ quadrangle, Texas /  |c compiled by Henry L. Berryhill, Jr. and Anita R. Trippet ; prepared on behalf of the U.S. Bureau of Land Management, state territorial water data collected in cooperation with the Bureau of Economic Geology, University of Texas at Austin. 
246 3 0 |a Beeville 1⁰ x 2⁰ quadrangle, Texas 
255 |a Scale 1:250,000 ;  |b Transverse Mercator proj.  |c (W 98⁰00ʹ--W 96⁰00ʹ/N 29⁰00ʹ--N 28⁰00ʹ) 
264 1 |a Reston, Va. :  |b U.S. Geological Survey,  |c 1981. 
300 |a 1 map :  |b color ;  |c 47 x 81 cm., folded in envelope 30 x 24 cm. 
336 |a cartographic image  |b cri  |2 rdacontent 
337 |a unmediated  |b n  |2 rdamedia 
338 |a sheet  |b nb  |2 rdacarrier 
490 1 |a Miscellaneous investigations series / Dept. of the Interior, U.S. Geological Survey ;  |v map I-1288-D 
500 |a Text and bibliographical references on sheet. 
500 |a Cartographic material. 
650 0 |a Sediments (Geology)  |z Texas  |z Gulf Region  |v Maps. 
700 1 |a Trippet, Anita R. 
710 2 |a Geological Survey (U.S.) 
710 1 |a United States.  |b Bureau of Land Management. 
710 2 |a University of Texas at Austin.  |b Bureau of Economic Geology. 
830 0 |a Miscellaneous investigations series (Geological Survey (U.S.)) ;  |v map I-1288-D. 
994 |a C0  |b TXA 
948 |a cataloged  |b h  |c 2009/07/17  |e mansari  |f 03:37:44 pm 
999 |a MARS 
999 f f |s d23050f0-8a46-3a5d-9427-0fa7002a770b  |i 82e8ae04-3e0d-32d3-aea3-5248832ecbf1  |t 0 
952 f f |p normal  |a Texas A&M University  |b College Station  |c Sterling C. Evans Library  |d Evans: Maps File (2nd floor)  |t 0  |e I 19.91:I-1288-D  |h Superintendent of Documents classification  |i unmediated -- sheet  |m A14837629345 
998 f f |a I 19.91:I-1288-D  |t 0  |l Evans: Maps File (2nd floor)